La carrière de Julien Faubert - Statistiques

Statistiques générales
  • Ce quiz a été pris 11 fois
  • Le résultat moyen est 3 sur 10
Statistiques - réponses
Année Match But Club % Correct
2004 - 2007 115 10 Girondins de Bordeaux
90%
-> 2009 2 0 Real Madrid
90%
2007 - 2012 121 2 West-Ham United
60%
2013 - 2015 63 3 Girondins de Bordeaux
50%
2001 - 2004 48 5 AS Cannes
20%
2018 15 3 Bornéo FC
0%
2019 - 2020 2 0 EFC Fréjus Saint-Raphaël
0%
2012 - 2013 16 1 Elaziğspor
0%
2017 - 2018 31 1 Inter Turku
0%
2016 - 2017 9 0 Kilmarnock
0%
Aucun quiz correspondant
Distribution des résultats
% des personnes avec chaque résultat
Percentile par nombre de réponses
Votre historique - résultats
Vous n’avez pas pris ce quiz